|
|
|
|
| LEADER |
01289nam a2200409 4500 |
| 001 |
DLU090093670 |
| 005 |
##20091201 |
| 040 |
# |
# |
|a DLU
|b eng
|
| 041 |
# |
# |
|a eng
|
| 044 |
# |
# |
|a us
|
| 245 |
# |
# |
|a Bacterial formation of tooeleite and mixed arsenic(III) or arsenic(V)-iron(III) gels in the carnoules acid mine drainage, france. A XANES, XRD, SEM study /
|c Guillaume Morin ... [et al.].
|
| 653 |
# |
# |
|a Acid mine drainage
|
| 653 |
# |
# |
|a Arsenic
|
| 653 |
# |
# |
|a Bacteria
|
| 653 |
# |
# |
|a Biogeochemistry
|
| 653 |
# |
# |
|a Chemical precipitation
|
| 653 |
# |
# |
|a Oxidation
|
| 653 |
# |
# |
|a Seasonal variation
|
| 700 |
# |
# |
|a Bruneel, Odile.
|
| 700 |
# |
# |
|a Calas, Georges.
|
| 700 |
# |
# |
|a Casiot, Corinne.
|
| 700 |
# |
# |
|a Elbaz-Poulichet, Francoise.
|
| 700 |
# |
# |
|a Ildefonse, Philippe.
|
| 700 |
# |
# |
|a Juillot, Farid.
|
| 700 |
# |
# |
|a Leblanc, Marc.
|
| 700 |
# |
# |
|a Morin, Guillaume.
|
| 700 |
# |
# |
|a Personne, Jean-Christian.
|
| 773 |
# |
# |
|t Environmental Science & Technology
|g Vol. 37, no. 9 (May 2003), p. 1705-1712
|
| 920 |
# |
# |
|a Phòng Tạp chí -- Trung tâm Thông tin - Thư viện Trường Đại học Đà Lạt
|
| 994 |
# |
# |
|a DLU
|
| 900 |
# |
# |
|a True
|
| 911 |
# |
# |
|a Trương Bảo Trâm Anh
|
| 925 |
# |
# |
|a G
|
| 926 |
# |
# |
|a A
|
| 927 |
# |
# |
|a BB
|
| 980 |
# |
# |
|a Thư viện Trường Đại học Đà Lạt
|